00310nam a2200133Ia 4500008004100000041000800041082001700049100002400066245001000090260003200100300001800132365000700150650001900157210719s1945 xx 000 0 und d aeng a821.008 DELL aDE LA MARE (Walter) aLove. aLondonbFaber & Faberc1945 acxliv,592bHB cRs aEnglish Poetry